The Universal History of Computing : From the Abacus to the Quantum Computer /
محفوظ في:
| المؤلف الرئيسي: | |
|---|---|
| التنسيق: | كتاب |
| اللغة: | الإنجليزية |
| منشور في: |
Nueva York, EUA :
Wiley,
2001, c2001
|
| الموضوعات: | |
| الوسوم: |
لا توجد وسوم, كن أول من يضع وسما على هذه التسجيلة!
|
MARC
| LEADER | 00000nam^a2200000^a^4500 | ||
|---|---|---|---|
| 001 | 000153943 | ||
| 005 | 20250521000000.0 | ||
| 009 | 20260310100336.82 | ||
| 020 | |a 0-471-39671-0 | ||
| 037 | |a Acervo ITESO - Biblioteca | ||
| 041 | |a ING | ||
| 082 | |a 004. 09 |b IFR | ||
| 100 | |a Ifrah, Georges |e (autor) | ||
| 245 | 1 | 4 | |a The Universal History of Computing : |b From the Abacus to the Quantum Computer / |c G. Ifra ; notas y tr. por E.E. Harding. |
| 264 | 4 | |a Nueva York, EUA : |b Wiley, |c 2001, c2001 | |
| 300 | |a 410 p. | ||
| 336 | |a texto |b txt |2 rdacontenido | ||
| 337 | |a sin mediación |b n |2 rdamedio | ||
| 338 | |a volumen |b nc |2 rdasoporte | ||
| 649 | |a XX | ||
| 650 | |a Sistema Binario | ||
| 650 | |a Numeración | ||
| 650 | |a Número (Concepto Matemático) | ||
| 650 | |a Algoritmos | ||
| 650 | |a Análisis Numérico | ||
| 650 | |a Cálculo | ||
| 650 | |a Análisis Matemático | ||
| 650 | |a Programación (Matemáticas) | ||
| 650 | |a Matemáticas de Ingeniería | ||
| 650 | |a Control Automático | ||
| 650 | |a Robótica | ||
| 650 | |a Proceso Electrónico de Datos | ||
| 650 | |a Proceso de Datos | ||
| 650 | |a Sistemas de Información | ||
| 650 | |a Componentes (Hardware) | ||
| 650 | |a Máquinas Calculadoras - |x Historia | ||
| 650 | |a Computadoras - |x Historia | ||
| 650 | |a Desarrollo Tecnológico | ||
| 650 | |a Ingeniería Computacional | ||
| 910 | |a Fondo General | ||
| 920 | |a Impresos - Libros | ||
| 930 | |a Colección General | ||
| 905 | |a 101 | ||
| 901 | |a 0500085603 |b IT1 |c ACC |u 20250521 | ||
| 902 | |a https://opac.biblio.iteso.mx/vufind/Record/000153943 | ||